000 00531nam a22001577a 4500
008 150527b xxu||||| |||| 00| 0 eng d
020 _a9789966735011
050 _aLB 1028 .O7 2009
100 _aOrodho,John Aluko.
_d2009
245 _aElements of education & social science research methods/
_cOrodho,John Aluko.
260 _aKenya:
_bKanezja,
_c2009.
300 _ax,303p.
440 _aElements of education & social science research methods/
650 _aEducation
942 _2lcc
_cBOOKS
_hLB 1028 .O7 2009
_03
999 _c1269
_d1269